000 00279nam a2200121Ia 4500
005 20251222142029.0
008 251222s9999||||xx |||||||||||||| ||spa||
020 _a84-261-0545-9
082 _a891.32/D93I
100 _a"Dostoievski, Fiodor"
245 0 _aEl idiota
942 _cLIB
999 _c10905
_d10905